[Event "Challenge ;D"]
[Site "http://www.queenalice.com/game.php?id=195271"]
[Date "2007.4.11"]
[Round "-"]
[White "danielguerrab"]
[Black "teodf"]
[Result "1-0"]
[WhiteElo "1252"]
[BlackElo "1020"]

1. e4 Nf6 2. e5 Ne4 3. Qe2 d5 4. f3 Nc5 5. d4 Ne6 6. Nc3 Nxd4 7. Qd3 Ndc6 8. f4
d4 9. Ne4 f5 10. Nc5 Qd5 11. Nb3 Nb4 12. Qxd4 Qa5 13. Nxa5 Bd7 14. Qxb4 Nc6 15.
Qxb7 Nxa5 16. Qxa8+ Kf7 17. Qxa7 Nc6 18. Qxc7 Na5 19. Qxd7 g5 20. Bd2 gxf4 21.
Qxf5+ Kg8 22. Bxa5 h5 23. Bc4+ Kg7 24. Qf7+ Kh6 25. Qxf4+ Kg7 26. g4 hxg4 27.
Qxg4+ Kh6 28. Bd2+ Kh7 29. Bd3# 1-0

[Event "Let's Play Chess!"]
[Site "http://www.queenalice.com/game.php?id=196425"]
[Date "2007.4.13"]
[Round "-"]
[White "teodf"]
[Black "colognestar"]
[Result "0-1"]
[WhiteElo "1100"]
[BlackElo "2094"]

1. d4 f5 2. g3 Nf6 3. Bg2 g6 4. f4 Bg7 5. h4 d6 6. d5 Nh5 7. Bf3 Nxg3 8. Rh3 Ne4
9. Rg3 Nxg3 10. Be3 O-O 11. Bf2 Ne4 12. Be3 e5 13. c4 Qxh4+ 14. Kf1 exf4 15.
Bxf4 Qxf4 16. Nh3 Qg3 17. Ng1 Qf2# 0-1

[Event "Desafio do Téo"]
[Site "http://www.queenalice.com/game.php?id=196742"]
[Date "2007.4.14"]
[Round "-"]
[White "teodf"]
[Black "LAIRA"]
[Result "1-0"]
[WhiteElo "992"]
[BlackElo "1230"]

1. d4 d5 2. Nc3 e6 3. g4 Nc6 4. Bf4 Bd6 5. h4 Bxf4 6. e3 Bd6 7. a4 Nf6 8. g5 Ne4
9. Nb5 a6 10. Nxd6+ Qxd6 11. a5 Qb4+ 12. Ke2 Qxb2 13. f3 Nc3+ 14. Kd2 Nxd1 15.
Be2 Qxa1 16. e4 Nxd4 17. Rh3 1-0

[Event "Desafio do Téo"]
[Site "http://www.queenalice.com/game.php?id=196850"]
[Date "2007.4.14"]
[Round "-"]
[White "teodf"]
[Black "ceredro"]
[Result "0-1"]
[WhiteElo "1027"]
[BlackElo "1282"]

1. c4 e5 2. e4 Nf6 3. d3 Bb4+ 4. Bd2 Na6 5. b3 O-O 6. a3 Bc5 7. Qe2 d6 8. a4 Nb4
9. Na3 Bg4 10. f3 Bh5 11. Nh3 Bd4 12. Nc2 Nxc2+ 13. Kd1 Nxa1 14. Qe1 Nxb3 15.
Ke2 Qd7 16. Qb1 Qxa4 17. g3 c5 18. Bc1 Qb4 19. g4 Bg6 20. Kd1 a5 21. Ng5 a4 22.
h4 h5 23. gxh5 Bxh5 24. Rh2 Bxf3+ 25. Kc2 Ng4 26. Nxf3 Qc3+ 27. Kd1 Rfe8 28. Bb2
Ne3+ 29. Ke2 Qb4 30. h5 Re6 31. Nxd4 cxd4 32. Bxd4 exd4 33. Rf2 Re5 34. Qb2 a3
35. Qxd4 Nxd4+ 0-1

[Event "Desafio do Téo"]
[Site "http://www.queenalice.com/game.php?id=196851"]
[Date "2007.4.14"]
[Round "-"]
[White "teodf"]
[Black "ceredro"]
[Result "0-1"]
[WhiteElo "1083"]
[BlackElo "1100"]

1. d4 e6 2. Nf3 d5 3. Ne5 Nh6 4. Qd3 f6 5. e3 fxe5 6. dxe5 Bb4+ 7. Ke2 O-O 8.
Qd4 Nc6 9. Qd3 Rf5 10. g4 Rxe5 11. f4 Nxg4 12. fxe5 Ncxe5 13. Qb3 a5 14. Qxb4
axb4 15. a3 Qf8 16. Bg2 Qf2+ 17. Kd1 Qxg2 18. Re1 Qxh2 19. Ra2 Nc4 20. axb4 Rxa2
21. Nc3 Ra1 22. e4 Nxb2# 0-1

[Event "Desafio do Téo"]
[Site "http://www.queenalice.com/game.php?id=196852"]
[Date "2007.4.14"]
[Round "-"]
[White "teodf"]
[Black "ceredro"]
[Result "0-1"]
[WhiteElo "1045"]
[BlackElo "1228"]

1. d4 e6 2. e4 Na6 3. Qd2 d5 4. f3 Nf6 5. Qd3 dxe4 6. fxe4 Bb4+ 7. c3 Ba5 8. e5
Nd5 9. a4 Qd7 10. Bd2 Qe7 11. Nf3 f6 12. exf6 Qxf6 13. Ne5 O-O 14. Ng4 Qf7 15.
b4 e5 16. Nxe5 Qf2+ 17. Kd1 Bg4+ 18. Nxg4 Qh4 19. bxa5 Qxg4+ 20. Be2 Qxg2 21.
Bf3 Rxf3 22. Qe4 c6 23. Re1 Rd8 24. c4 Ndb4 25. Be3 Rdf8 26. h4 Nc7 27. Qe7 Qc2#
0-1

[Event "Challenge"]
[Site "http://www.queenalice.com/game.php?id=197886"]
[Date "2007.4.17"]
[Round "-"]
[White "rictad"]
[Black "teodf"]
[Result "1-0"]
[WhiteElo "1100"]
[BlackElo "1100"]

1. e4 e5 2. Qf3 Qf6 3. Bc4 d6 4. d3 Nc6 5. c3 Nb4 6. cxb4 d5 7. Bxd5 Rb8 8. Nh3
c6 9. Bg5 Qxg5 10. Nxg5 cxd5 11. Qxf7+ Kd8 12. Qxf8+ Kc7 13. Nf7 dxe4 14. Qd6#
1-0

[Event "Challenge"]
[Site "http://www.queenalice.com/game.php?id=198702"]
[Date "2007.4.18"]
[Round "-"]
[White "mogerio"]
[Black "teodf"]
[Result "1-0"]
[WhiteElo "1265"]
[BlackElo "1111"]

1. e4 e5 2. d3 Qe7 3. Qe2 d6 4. Nf3 c5 5. Qd2 Nf6 6. Be2 Ng4 7. O-O Nc6 8. Nh4
Rg8 9. h3 Nh6 10. Nc3 Qxh4 11. g3 Qxh3 12. f3 Qxg3+ 13. Kh1 Bh3 14. Rg1 Bg2+ 15.
Rxg2 Qxg2+ 16. Kxg2 Nd4 17. Bf1 Nhf5 18. Nd5 Nh4+ 19. Kg3 Nhxf3 20. Qd1 g5 21.
c3 Nb5 22. Kxf3 g4+ 23. Ke3 g3 24. Nc7+ Nxc7 25. Bd2 g2 26. Bxg2 Rxg2 27. Kf3
Rg5 28. Bxg5 Ne6 29. Be3 h5 30. Kg3 b5 31. Qxh5 Ng7 32. Qh4 Nf5+ 33. exf5 a5 34.
Qe4 Rc8 35. Qb7 Rd8 36. Bg5 d5 37. Bxd8 Kxd8 38. c4 Bd6 39. cxd5 f6 40. Rh1 b4
41. Rh8+ 1-0

[Event "Desafio do téo"]
[Site "http://www.queenalice.com/game.php?id=199683"]
[Date "2007.4.20"]
[Round "-"]
[White "teodf"]
[Black "melanny"]
[Result "0-1"]
[WhiteElo "1085"]
[BlackElo "1150"]

1. a4 e5 2. e4 Nf6 3. Qf3 Bb4 4. c3 Be7 5. b4 O-O 6. g4 Nc6 7. b5 Na5 8. h4 Nb3
9. Bb2 Nxa1 10. Bxa1 c6 11. c4 Bb4 12. Bxe5 Bxd2+ 13. Kxd2 cxb5 14. axb5 Qa5+
15. Ke3 Qe1+ 16. Qe2 Qxb1 17. Bh3 Qc1+ 18. Kf3 Ne8 19. Kg3 f6 20. Bd6 Nxd6 21.
f4 Qc3+ 22. Nf3 b6 23. Rd1 Nxc4 24. Rd3 Qb4 25. g5 Nb2 26. gxf6 Nxd3 27. Qxd3
Rxf6 28. Ng5 a5 29. Qd5+ Re6 30. Nxe6 d6 31. Nc7+ Kf8 32. Nxa8 Bxh3 33. f5 a4
34. e5 Qg4+ 35. Kf2 a3 36. Qxd6+ Kf7 37. e6+ Kf6 38. e7+ Kxf5 39. Qd5+ Kf4 40.
Qd4+ Kf5 0-1

[Event "Challenge"]
[Site "http://www.queenalice.com/game.php?id=199801"]
[Date "2007.4.20"]
[Round "-"]
[White "teodf"]
[Black "melanny"]
[Result "0-1"]
[WhiteElo "1069"]
[BlackElo "1198"]

1. Nc3 e5 2. e4 Bb4 3. Nce2 Nf6 4. c3 Bc5 5. d4 Be7 6. d5 O-O 7. Qd3 Bc5 8. Nf3
Bxf2+ 9. Kxf2 c6 10. Nxe5 cxd5 11. exd5 b6 12. b4 Ba6 13. Qd2 Ne4+ 14. Kf3 Nxd2+
15. Bxd2 d6 16. Nc6 Nxc6 17. dxc6 Qf6+ 18. Kg3 Rac8 19. a4 Rxc6 20. Nf4 Bxf1 21.
Raxf1 Qg5+ 22. Kf2 d5 23. g3 Rf6 24. h4 Qe5 25. Be3 Qxc3 26. b5 Re8 27. Rc1 Qb2+
28. Kf3 h6 29. Rc7 Qb3 30. Kg4 Rg6+ 31. Nxg6 Re4+ 32. Nf4 Qxe3 33. h5 Rxf4+ 34.
Kh3 Qxg3+ 35. Kxg3 g5 36. Rd1 d4 37. Rc8+ Kg7 38. Re1 d3 39. Re5 d2 40. Rxg5+
Kf6 0-1

[Event "Desafio do téo"]
[Site "http://www.queenalice.com/game.php?id=200119"]
[Date "2007.4.21"]
[Round "-"]
[White "teodf"]
[Black "tempii"]
[Result "0-1"]
[WhiteElo "1045"]
[BlackElo "1500"]

1. e4 c5 2. c4 Nc6 3. a4 g6 4. f4 d6 5. Nf3 Bg7 6. a5 Nf6 7. d3 O-O 8. b4 Nxe4
9. bxc5 dxc5 10. Qe2 Bxa1 11. Qxe4 Bg7 12. Nc3 Bxc3+ 13. Bd2 Qxa5 14. Bxc3 Qxc3+
15. Ke2 Bf5 16. Qe3 Rfd8 17. h3 Rxd3 18. Qxd3 Bxd3+ 19. Ke3 Bxf1+ 20. Kf2 Bxc4
21. Re1 Rd8 22. Kg3 Rd3 23. Rf1 Nd4 24. Kg4 h5+ 25. Kg3 Nxf3 26. gxf3 h4+ 27.
Kxh4 Rxf3 28. Rxf3 Qxf3 29. Kg5 Qh5# 0-1

[Event "Revanche"]
[Site "http://www.queenalice.com/game.php?id=202000"]
[Date "2007.4.25"]
[Round "-"]
[White "magusp"]
[Black "teodf"]
[Result "1-0"]
[WhiteElo "1502"]
[BlackElo "1057"]

1. e4 Nf6 2. e5 Ne4 3. d4 d5 4. f3 f5 5. fxe4 dxe4 6. Be2 e3 7. Bxe3 c5 8. dxc5
Qxd1+ 9. Bxd1 Nd7 10. Bd4 b5 11. Bh5+ Kd8 12. c6 Nb6 13. Bf3 h5 14. Bxb6+ axb6
15. c7+ Kxc7 16. Bxa8 e6 17. Nc3 b4 18. Nb5+ Kb8 19. Bf3 g6 20. O-O-O Bh6+ 21.
Kb1 Ba6 22. Nd4 Be3 23. Nxe6 Re8 24. Rd8+ Rxd8 25. Nxd8 Kc8 26. Nc6 Bd2 27. Ne7+
Kc7 28. Nxg6 h4 29. Nxh4 f4 30. Ne2 b5 31. Ng6 Kb6 32. Ngxf4 Bxf4 33. Nxf4 Ka5
34. e6 Kb6 35. e7 Ka5 36. e8=Q Ka4 37. Nd3 b3 38. Nc5+ 1-0